| 000 | 00631nam a2200193 a 4500 | ||
|---|---|---|---|
| 001 | 000036676 | ||
| 005 | 20200930075852.0 | ||
| 008 | 120124s1968 es 001 0 spa d | ||
| 040 |
_aDO-SdBNP _bspa _cBNPHU |
||
| 100 | 1 |
_aGuichard-Meili, Jean _962955 |
|
| 240 | 1 | 0 |
_aRegarder le peinture _lespañol |
| 245 | 1 | 0 |
_aCómo mirar la pintura / _cJean Guichard-Meili ; traducción y prólogo de Juan-Eduardo Cirlot. |
| 250 | _a3a ed. | ||
| 260 |
_aBarcelona : _bEditorial Labor, _c1968. |
||
| 300 |
_a222 p. : _bil. ; _c21 cm. |
||
| 490 | 1 | _aNueva Colección Labor | |
| 500 | _aIncluye índice | ||
| 830 | 0 |
_aNueva Colección Labor _962956 |
|
| 999 |
_c36167 _d36167 |
||